000 005660000a22002050004500
090 _aAR
_b00210
245 1 0 _aZur kenntnis der amphibien - fauna von El Salvador
650 1 4 _aAnfibios
_992768
650 1 4 _aFauna
_992594
650 1 4 _aHerpetología
_98027
650 1 4 _aBiología
_992
650 1 4 _aMorfología
_992917
650 1 4 _aRanas
_992906
651 4 _pSalvador
_992749
653 _gHyla
_eHyla salvadorensis
041 0 _aAlemán
100 1 _aMertens, Robert
_993053
942 _cARTICULO
773 1 _tSenckenbergiana Biologica
_32
_h33
_q169-171
_d1952
_g33
999 _c9309
_d9309